Seis países más cercanos: Yemen - Estadísticas

Estadísticas generales
  • Esta prueba ha sido intentada 26 veces
  • La puntuación promedio es 5 de 6
Estadísticas de respuestas
km país % Correcto
0 Arabia Saudita
96%
0 Omán
92%
133 Somalia
88%
29 Eritrea
85%
20 Yibuti
81%
109 Etiopía
77%
No se encontraron pruebas coincidentes
Distribución de puntuación
Porcentaje de gente con cada puntuación
Porcentaje por número respondido
Historial de tus puntuaciones
No has intentado esta prueba.